000 00752nam a2200265Ia 4500
008 160803s9999 xx 000 0 und d
020 _a0 439148677
100 _aDegross, Monalisa
245 _aDonavan's word jar /
245 _cMonalisa DeGross ; illustrations by Cheryl Hanna.
260 _aNew York :
260 _bScholastic Inc.
260 _c1994
300 _a71 pages :
300 _billustrations ;
300 _c20 cm
440 _aReady-to-go classroom library.
500 _aCover art c1998 by Michael Hayes, Cover design by Christine Kettner. --Cover p.4.
650 _aVocabulary --
650 _aVocabulary --
650 _aVocabulary.
650 _xFiction.
650 _xJuvenile fiction.
700 _a670
999 _c298464
_d298464